000 00737nam a2200229 a 4500
001 BRCA_3774
005 20190320204423.0
008 071109s1820----u--#---###---#000-0#eng-#
041 _aeng
044 _au
050 4 _aF1234
_b.R63 1820
100 1 _aRobinson, William Davis.
_9826
245 1 0 _aMemoirs of the Mexican Revolution
_bincluding a narrative of the expedition of General Xavier Mina...
_cby William Davis Robinson.
260 _aPhiladelphia, Pensilvania
_bLydia R. Bailey
_c1820
300 _a396 p.
_c23 cm.
500 _aEx-libris Unión Philosophical Society.
500 _aIncluye apéndice.
500 _aB133.
650 1 4 _aMéxico
_eHistoria
_vRevolución,
_y1910-1917.
_99839
902 _aGFM
942 _2lcc
_cB
999 _c3503
_d3503